Music Quiz

Random Music Quiz

Name the music clefs Quiz Stats

Quiz not verified by Sporcle

Challenge
Share
Tweet
Score 0/10 Timer 02:00
0 Plays Today
% Correct
Treble Clef (G-clef)
100%
Bass Clef (F-clef)
100%
Alto Clef (C-clef)
80%
Tenor Clef (C-clef)
80%
Baritone Clef (F-clef)
80%
Soprano Clef (C-clef)
60%
Mezzo-soprano (C-clef)
60%
Baritone Clef (C-clef)
60%
Subbass Clef (F-clef)
40%
French Violin Clef (G-clef)
20%

You're not logged in!

Compare scores with friends on all Sporcle quizzes.
Sign Up with Email
OR
Log In

You Might Also Like...

Show Comments

Extras

Top Quizzes Today


Score Distribution

Your Account Isn't Verified!

In order to create a playlist on Sporcle, you need to verify the email address you used during registration. Go to your Sporcle Settings to finish the process.